000 00576nam a22002057a 4500
003 SEM
005 20250917170535.0
008 250917s2018 ai ||||gr||||||0||||eng|d
020 _a9789939822822
040 _aSEM
_cSEM
041 _aeng
080 _a947․925(084.1)/D-39
100 _aDemoyan, Hayk
245 _aArmenian legacy in America :
_bA 400 year heritage /
_cH. Demoyan
260 _aYerevan :
_bTigran Mets poblishing house,
_c2018․
300 _a619 p. ;
_bphotos ;
_c25 cm
650 _aArmenian legacy
_zAmerica
653 _aՍԷՄ
942 _2udc
_cBK
_n0
999 _c76960
_d76960